| 000 | 01812nam a2200253Ia 4500 | ||
|---|---|---|---|
| 003 | Ost | ||
| 005 | 20260507075450.0 | ||
| 008 | 260507s9999||||xx |||||||||||||| ||und|| | ||
| 020 | _a7012519977 | ||
| 040 | _cfsecg | ||
| 041 | _aara | ||
| 082 | _a330.121 | ||
| 100 |
_aابو العلا، يسري محمد _eمؤلف |
||
| 245 | 0 |
_aالمعاملات الاقتصادية للاسواق في النظام الاسلامي / _c يسري محمد ابو العلا |
|
| 260 |
_aالاسكندرية: _bدار الفكر الجامعي, _c2008 |
||
| 300 |
_a203 صفحة؛ _c24 سم |
||
| 504 | _aبيبليوغرافيا ص.181 | ||
| 520 | _aيتضمن هذا الكتاب مايلي : المعاملات التجارية : نظام المبادلات التجارية ، الحاجات العامة ، الموارد العامة ، ملامح نظام السوق الإسلامي البناء الاقتصادي السلامي : الطار الأخلاقي للمعاملات ، الاحسان في المعاملة ، المنافسة في السوق الاسلامي ، المنافسة في السوق الاسلامي ، المنافسة التعاونية في النظام الاسلامي ضبط السوق في التشريع الاسلامي : معايير التشريع ، التنظيم الاسلامي للسوق ، جهاز الثمن قواعد الربح نظام المعاملات الاسلامية : الاصل في المعاملات الاباحة ، الاستثناء من القاعدة التحريم ، الاحكام العامة في الاحتكار ، حكم الاحتكار وأثاره | ||
| 653 | _aاقتصاد اسلامي | ||
| 653 | _aالسوق | ||
| 653 | _aالمعاملات اقتصادية | ||
| 653 | _aفقه إسلامي | ||
| 942 | _cكتاب | ||
| 999 |
_c44622 _d44622 |
||